| 000 | 00795nam a22002177a 4500 | ||
|---|---|---|---|
| 999 |
_c2836 _d2836 |
||
| 003 | AR-CdUCM | ||
| 008 | 190305b ||||| |||| 00| 0 spa d | ||
| 040 |
_aMUNICIPALIDAD PROVINCIAL DEL CUSCO _cBIBLIOTECA MUNICIPAL DEL CUSCO |
||
| 082 |
_a334.1 / _bC48 |
||
| 100 |
_aBaldomero, Cerda y Richart _99849 |
||
| 245 | _aLas Cooperativas y sus Asociados / | ||
| 260 |
_aMexico : _bEditora Nacional, _c1960. |
||
| 300 |
_a94 paginas ; _c17cm. |
||
| 500 | _aTemas cooperativos Incluye referencias bibliograficas | ||
| 505 | _aContenido- De los cooperadores -- Del ingreso -- De las bajas -- De los derechos de los asociados -- de las Obligaciones de los asociados... | ||
| 650 |
_aCooperativas _94787 |
||
| 650 |
_aLiteratura _983 |
||
| 650 |
_aMexico _918 |
||
| 942 |
_2ddc _cLIBROS |
||
| 945 | _apjha | ||